Acusación pronunciada por el teniente fiscal D. Críspulo García Gómez de la Serna ante la... Audiencia de Barcelona, en la vista de la causa formada sobre usurpaciones del estado civil de D. Claudio Fontanellas : (Record no. 54371)

MARC details
000 -LEADER
campo de control de longitud fija 01177nam a2200253 i 4500
001 - NÚMERO DE CONTROL
campo de control 54371
003 - IDENTIFICADOR DE NÚMERO DE CONTROL
campo de control ES-MaACL
005 - FECHA Y HORA DE LA ÚLTIMA TRANSACCIÓN
campo de control 20250831060937.0
007 - CAMPO FIJO DE DESCRIPCIÓN FÍSICA--INFORMACIÓN GENERAL
campo de control de longitud fija t|
008 - DATOS DE LONGITUD FIJA--INFORMACIÓN GENERAL
campo de control de longitud fija 960705s1863 sp ||||1| spa d
080 ## - NÚMERO DE LA CLASIFICACIÓN DECIMAL UNIVERSAL
Número de la Clasificación Decimal Universal 34.096 Fontanellas y Sala, Claudio
080 ## - NÚMERO DE LA CLASIFICACIÓN DECIMAL UNIVERSAL
Número de la Clasificación Decimal Universal 343.553
100 1# - ENTRADA PRINCIPAL--NOMBRE DE PERSONA
Nombre de persona García Gómez de la Serna, Críspulo.
9 (RLIN) 54703
245 10 - MENCIÓN DEL TÍTULO
Título Acusación pronunciada por el teniente fiscal D. Críspulo García Gómez de la Serna ante la... Audiencia de Barcelona, en la vista de la causa formada sobre usurpaciones del estado civil de D. Claudio Fontanellas :
Resto del título precedida del discurso pronunciado por D. Ricardo Ventosa... y seguida de la sentencia dictada por la misma sala.
260 ## - PUBLICACIÓN, DISTRIBUCIÓN, ETC.
Lugar de publicación, distribución, etc. Barcelona :
Nombre del editor, distribuidor, etc. [s.n.],
Fecha de publicación, distribución, etc. 1863 (
Fabricante Estab. tip. de Narciso Ramírez y Rialp)
300 ## - DESCRIPCIÓN FÍSICA
Extensión 92 p. ;
Dimensiones 26 cm.
530 ## - NOTA DISPONIBLE DE FORMULARIO FÍSICO ADICIONAL
Nota de formato físico adicional disponible Disponible en formato digital.
650 #7 - PUNTO DE ACCESO ADICIONAL DE MATERIA--TÉRMINO DE MATERIA
Término de materia o nombre geográfico como elemento de entrada Usurpación de estado civil
Fuente del encabezamiento o término embne
9 (RLIN) 155831
700 1# - ENTRADA AGREGADA--NOMBRE PERSONAL
Nombre de persona Ventosa, Ricardo.
9 (RLIN) 113908
700 1# - ENTRADA AGREGADA--NOMBRE PERSONAL
Nombre de persona Fontanellas y Sala, Claudio
Número Internacional Normalizado para Publicaciones Seriadas -Procesos.
9 (RLIN) 51614
852 4# - LOCALIZACIÓN
Ubicación ES-MaACL
Número de control de estantería T-75-F-6
856 4# - LOCALIZACIÓN Y ACCESO ELECTRÓNICOS
Identificador Uniforme de Recursos <a href="http://bdh-rd.bne.es/viewer.vm?id=0000114432&page=1 ">http://bdh-rd.bne.es/viewer.vm?id=0000114432&page=1 </a>
Nota pública Biblioteca Digital Hispánica
Holdings
Estatus retirado Estado de pérdida Estado de daño No para préstamo Colección Biblioteca de origen Biblioteca actual Ubicación en estantería Fecha de adquisición Fuente de adquisición Total de préstamos Signatura topográfica completa Código de barras Visto por última vez Precio de reemplazo Tipo de ítem Koha
        Colección de folletos Biblioteca del Ateneo de Madrid Biblioteca del Ateneo de Madrid Depósito folletos 17/01/2008     T-75-F-6 1057134 23/02/2023 23/02/2023 Folleto